Loading...
| Fine Arts - Classical Music | 8 | 20.00 | 4,025% | 813% | 313% |
| Fine Arts - Other | 4 | 22.50 | 6,125% | 425% | 550% |
| Fine Arts - Painting & Sculpture | 7 | 24.29 | 5,543% | 686% | 557% |
| History - American | 8 | 23.75 | 5,088% | 675% | 500% |
| History - European | 10 | 22.00 | 5,690% | 630% | 400% |
| History - Other | 5 | 20.00 | 3,620% | 480% | 640% |
| History - World | 8 | 16.25 | 3,088% | 388% | 513% |
| Literature - American | 7 | 21.43 | 4,386% | 614% | 729% |
| Literature - British | 11 | 20.91 | 4,846% | 536% | 591% |
| Literature - European | 7 | 22.86 | 5,571% | 543% | 557% |
| Literature - World | 7 | 17.14 | 3,229% | 329% | 571% |
| Mythology | 6 | 21.67 | 4,833% | 417% | 850% |
| Other | 6 | 20.00 | 2,700% | 700% | 683% |
| Philosophy | 6 | 21.67 | 4,617% | 383% | 633% |
| Religion | 8 | 17.50 | 1,863% | 688% | 388% |
| Science - Biology | 8 | 17.50 | 4,238% | 400% | 538% |
| Science - Chemistry | 6 | 25.00 | 5,117% | 833% | 683% |
| Science - Other | 8 | 23.75 | 6,713% | 413% | 713% |
| Science - Physics | 8 | 16.25 | 2,238% | 438% | 613% |
| Social Science | 6 | 18.33 | 5,967% | 383% | 267% |